[Event "Khanty-Mansiysk Governor Cup 16th"]
[Site "Khanty-Mansiysk"]
[Date "2020.12.08"]
[Round "9"]
[White "Kodintsev, Lev I"]
[Black "Palyan, Mariam"]
[Result "1-0"]
[WhiteElo "1159"]
[BlackElo "1321"]
[PlyCount "129"]
[EventDate "2020.11.30"]
[EventType "swiss"]
[EventRounds "9"]
[EventCountry "RUS"]
[SourceTitle "CBM 199 Extra"]
[Source "ChessBase"]
[SourceDate "2021.01.31"]
[SourceVersion "1"]
[SourceVersionDate "2021.01.31"]
[SourceQuality "1"]

1. d4 e6 2. Nf3 d5 3. Bf4 c5 4. e3 Nc6 5. Nbd2 Qb6 6. Rb1 cxd4 7. exd4 Nxd4 8. Nxd4 Qxd4 9. Bb5+ Bd7 10. Bxd7+ Kxd7 11. Be3 Qa4 12. Nb3 Kc7 13. 0-0 Rc8 14. Qd4 Qxd4 15. Nxd4 Kb8 16. Bf4+ Ka8 17. Nb5 a6 18. Nd6 Bxd6 19. Bxd6 Nf6 20. c3 Ne4 21. Bf4 f6 22. f3 Nc5 23. Bd6 e5 24. Rfd1 Rhd8 25. Rxd5 Na4 26. Rdd1 Rc6 27. Ba3 Rg8 28. Rd7 Nb6 29. Rd6 Rxd6 30. Bxd6 Nc4 31. Be7 f5 32. b3 Ne3 33. c4 f4 34. Bc5 Nf5 35. Re1 Re8 36. Rd1 h6 37. Kf2 g5 38. Rd7 Rc8 39. Rd5 Re8 40. Bd6 Nxd6 41. Rxd6 h5 42. Rh6 Rd8 43. Ke2 Rg8 44. Rxh5 Ka7 45. h3 Kb6 46. Rh6+ Kc5 47. Re6 Kd4 48. Re7 b5 49. Rd7+ Kc3 50. Rd3+ Kb4 51. cxb5 axb5 52. Rd5 Re8 53. Kd3 Re6 54. Ke4 Re7 55. a3+ Kxb3 56. Rxb5+ Kxa3 57. Rxe5 Rg7 58. Kf5 Kb4 59. Kg4 Kc4 60. Rxg5 Rxg5+ 61. Kxg5 Kd5 62. h4 Ke6 63. Kg6 Ke7 64. Kg7 Kd6 65. h5 1-0